[Event "4NCL Division 3 Central"]
[Site "Leamington Spa, ENG"]
[Date "2022.02.12"]
[Round "3.11"]
[White "Bullen, Alex"]
[Black "Adams, Mark"]
[Result "1-0"]
[WhiteElo "2053"]
[BlackElo "2017"]
[PlyCount "107"]
[EventDate "2022.02.12"]
[WhiteTeam "West is Best 2"]
[BlackTeam "The Full Ponty"]

1. e4 c5 2. Nf3 a6 3. c4 e6 4. Nc3 Qc7 5. d4 cxd4 6. Nxd4 Nf6 7. a3 Be7 8. Be3
d6 9. Be2 Nbd7 10. O-O O-O 11. Rc1 Re8 12. b4 b6 13. Qd2 Bb7 14. f3 Rac8 15.
Rfd1 Qb8 16. Nb3 Red8 17. Bf1 Re8 18. Na4 Bc6 19. Nc3 Bb7 20. Qf2 Bd8 21. a4
Bc7 22. g3 h6 23. Rd2 Ne5 24. Be2 Nfd7 25. f4 Nc6 26. Na2 Nf6 27. Bf3 Ne7 28.
Nc3 Ba8 29. Rb2 Nd7 30. c5 d5 31. exd5 exd5 32. Nd4 Nf6 33. Nd1 Ne4 34. Bxe4
dxe4 35. c6 Nd5 36. b5 Nxe3 37. Nxe3 Bd6 38. Rd1 a5 39. Qe2 Ba3 40. Rb3 Bc5 41.
Kg2 Qc7 42. Qg4 Bxd4 43. Rxd4 Qe7 44. Rb2 Bxc6 45. bxc6 Rxc6 46. Qd7 Qxd7 47.
Rxd7 Rec8 48. Re7 Rc3 49. Rxe4 Ra3 50. Nd5 Rc1 51. Nxb6 Rca1 52. Re5 R3a2 53.
Rxa2 Rxa2+ 54. Kh3 1-0

[Event "4NCL Division 3 Central"]
[Site "Leamington Spa, ENG"]
[Date "2022.02.12"]
[Round "3.12"]
[White "Richmond, Peter"]
[Black "Southcott-Moyers, Indy"]
[Result "0-1"]
[WhiteElo "2058"]
[BlackElo "2019"]
[PlyCount "76"]
[EventDate "2022.02.12"]
[WhiteTeam "The Full Ponty"]
[BlackTeam "West is Best 2"]

1. e4 e5 2. Nf3 Nc6 3. d3 Nf6 4. Be2 Bc5 5. h3 d6 6. c3 h6 7. Nbd2 a6 8. Nf1 d5
9. Qc2 Be6 10. Be3 Bxe3 11. Nxe3 d4 12. cxd4 Nxd4 13. Nxd4 Qxd4 14. Qc3 c5 15.
O-O O-O 16. Rac1 Rac8 17. a3 Rfd8 18. Rc2 b6 19. Rfc1 Qxc3 20. Rxc3 a5 21. Kf1
Rd4 22. Bg4 Nxg4 23. hxg4 Rcd8 24. Ke2 Kf8 25. f3 Ke7 26. b3 a4 27. Nf5+ Ke8
28. Nxd4 exd4 29. Rc4 axb3 30. Ra4 b5 31. Ra5 c4 32. Rxb5 c3 33. Kf2 Ra8 34. f4
Rxa3 35. f5 b2 36. Rb1 Rb3 37. Rc5 Ra3 38. Rb5 Bb3 0-1

[Event "4NCL Division 3 Central"]
[Site "Leamington Spa, ENG"]
[Date "2022.02.12"]
[Round "3.13"]
[White "Freeland, Alex"]
[Black "Perrett, David C"]
[Result "0-1"]
[WhiteElo "1984"]
[BlackElo "2029"]
[PlyCount "74"]
[EventDate "2022.02.12"]
[WhiteTeam "West is Best 2"]
[BlackTeam "The Full Ponty"]

1. d4 f5 2. g3 g6 3. Bg2 Nf6 4. Nh3 Bg7 5. Nf4 d6 6. d5 c6 7. c4 e5 8. dxe6 g5
9. Nd3 Ne4 10. Nd2 Nc5 11. Nxc5 dxc5 12. h4 g4 13. Qc2 Bxe6 14. Nb3 Nd7 15. O-O
O-O 16. e4 Qf6 17. Rb1 Qf7 18. exf5 Bxf5 19. Be4 Rae8 20. Bxf5 Qxf5 21. Qxf5
Rxf5 22. Na5 Ne5 23. Nxb7 Re7 24. Nd6 Rf6 25. Be3 Nf3+ 26. Kg2 Rxd6 27. Bxc5
Rde6 28. Bxe7 Rxe7 29. b4 Re2 30. b5 c5 31. a4 Ra2 32. b6 axb6 33. Rxb6 Rxa4
34. Rfb1 Ra2 35. Rb8+ Kf7 36. R1b7+ Kf6 37. Rg8 Ra1 0-1

[Event "4NCL Division 3 Central"]
[Site "Leamington Spa, ENG"]
[Date "2022.02.12"]
[Round "3.14"]
[White "Hughes, Anthony"]
[Black "Taylor, William J"]
[Result "0-1"]
[WhiteElo "1944"]
[BlackElo "1959"]
[PlyCount "74"]
[EventDate "2022.02.12"]
[WhiteTeam "The Full Ponty"]
[BlackTeam "West is Best 2"]

1. c4 Nf6 2. Nc3 g6 3. g3 Bg7 4. Bg2 O-O 5. e4 d6 6. Nge2 c5 7. d3 Nc6 8. O-O
a6 9. h3 Rb8 10. a4 Ne8 11. Be3 e5 12. f4 exf4 13. Nxf4 Nc7 14. Qd2 b5 15. axb5
axb5 16. cxb5 Nxb5 17. Nfd5 Nbd4 18. Ra3 Be6 19. Bg5 f6 20. Be3 Kh8 21. Kh2 Bg8
22. Rf2 Rf7 23. Bh6 Qf8 24. Bxg7+ Qxg7 25. Qf4 Ne5 26. Bf1 f5 27. Qe3 fxe4 28.
dxe4 Rxf2+ 29. Qxf2 Rf8 30. Nf4 g5 31. Ncd5 gxf4 32. Nxf4 Ne6 33. Qd2 Nxf4 34.
gxf4 Qh6 35. Kg3 Qg6+ 36. Kh2 Qxe4 37. Qxd6 Qxf4+ 0-1

[Event "4NCL Division 3 Central"]
[Site "Leamington Spa, ENG"]
[Date "2022.02.12"]
[Round "3.15"]
[White "Homer, Stephen J"]
[Black "Davies, Peter"]
[Result "1-0"]
[WhiteElo "1937"]
[BlackElo "1968"]
[PlyCount "89"]
[EventDate "2022.02.12"]
[WhiteTeam "West is Best 2"]
[BlackTeam "The Full Ponty"]

1. e4 e5 2. Nf3 Nc6 3. Bb5 a6 4. Ba4 Nf6 5. O-O Nxe4 6. d4 b5 7. Bb3 d5 8. dxe5
Be6 9. Nbd2 Be7 10. Qe2 Nc5 11. c3 d4 12. cxd4 Nxd4 13. Nxd4 Qxd4 14. Bxe6 fxe6
15. Qh5+ g6 16. Nf3 Qxf2+ 17. Rxf2 gxh5 18. Rc2 O-O-O 19. Be3 Nd3 20. Rc6 Kb7
21. Rxe6 Bc5 22. Bxc5 Nxc5 23. Rh6 Nd3 24. b3 Rhe8 25. e6 Nf4 26. Re1 Rd6 27.
Rxh7 Rexe6 28. Rxe6 Rxe6 29. g3 Nd3 30. Rxh5 Re2 31. h4 c5 32. Rd5 c4 33. bxc4
bxc4 34. h5 Re3 35. Kg2 c3 36. Nd4 Re5 37. Rxe5 Nxe5 38. h6 Kb6 39. h7 Ng6 40.
Kf3 Kc5 41. Ke4 Kd6 42. Kf5 Nh8 43. Kf6 Kd5 44. Nb3 c2 45. Kg7 1-0

[Event "4NCL Division 3 Central"]
[Site "Leamington Spa, ENG"]
[Date "2022.02.12"]
[Round "3.16"]
[White "Dixon, Chris"]
[Black "Jukes, Sam"]
[Result "1-0"]
[WhiteElo "1822"]
[BlackElo "1873"]
[PlyCount "117"]
[EventDate "2022.02.12"]
[WhiteTeam "The Full Ponty"]
[BlackTeam "West is Best 2"]

1. Nf3 Nf6 2. g3 g6 3. Bg2 Bg7 4. O-O O-O 5. d3 d6 6. e4 e5 7. a4 c6 8. Re1 Na6
9. c3 Re8 10. Qc2 d5 11. b4 Qc7 12. Ba3 Bd7 13. Nbd2 Bf8 14. Reb1 Rac8 15. c4
d4 16. c5 b5 17. axb5 cxb5 18. Bc1 Nb8 19. Nb3 Nc6 20. Bd2 Rb8 21. Na5 a6 22.
Ra3 Nxa5 23. Rxa5 Bc8 24. Bg5 Nd7 25. Qa2 Bg7 26. Bh3 Bb7 27. Qd2 Nf8 28. Bh6
f5 29. Qa2+ Kh8 30. Bxg7+ Kxg7 31. Nd2 Rbd8 32. exf5 Nd7 33. fxg6 hxg6 34. Ne4
Nf6 35. Nd6 Rxd6 36. cxd6 Qc6 37. f3 Qxf3 38. Bg2 Qe3+ 39. Kh1 Nh5 40. Bxb7 Rf8
41. d7 Qxd3 42. Bg2 Qe3 43. d8=Q Rxd8 44. Bf1 Rf8 45. Ra3 Qg5 46. Qc2 Rh8 47.
Qc7+ Kh6 48. Qc1 e4 49. Qxg5+ Kxg5 50. Rxa6 Nxg3+ 51. Kg2 Nxf1 52. Rxf1 e3 53.
Rd6 Rh4 54. Rd5+ Kh6 55. Kg3 g5 56. Rf6+ Kg7 57. Rc6 Kf7 58. Rd7+ Ke8 59. Ra7
1-0

[Event "4NCL Division 3 Central"]
[Site "Leamington Spa, ENG"]
[Date "2022.02.12"]
[Round "3.21"]
[White "Sygnowski, Tomasz"]
[Black "Davies, Matthew"]
[Result "1-0"]
[WhiteElo "2143"]
[BlackElo "1901"]
[PlyCount "102"]
[EventDate "2022.02.12"]
[WhiteTeam "Wood Green Monarchs"]
[BlackTeam "West is Best 3"]

1. e4 e6 2. d4 d5 3. exd5 exd5 4. Bd3 Nf6 5. Nf3 Be7 6. h3 h6 7. Nc3 Be6 8. Bf4
a6 9. O-O Nc6 10. Re1 O-O 11. a3 Bd6 12. Ne2 Re8 13. Qc1 Bxf4 14. Qxf4 Nh5 15.
Qd2 Qd6 16. g4 Nf6 17. Ng3 Rad8 18. Kg2 Bc8 19. c3 Na5 20. Rxe8+ Rxe8 21. Re1
Rxe1 22. Qxe1 Nc4 23. Qc1 Nh7 24. b3 Nxa3 25. c4 dxc4 26. bxc4 Qf8 27. Qf4 c6
28. Qc7 b5 29. Ne5 bxc4 30. Be4 Be6 31. Qxc6 Nf6 32. Bf3 Qc8 33. Qa4 Nb5 34.
Ne2 c3 35. Nc6 Kh8 36. Nf4 Qc7 37. d5 Bc8 38. Qc4 Ne8 39. Qc5 Ned6 40. Ne2 f5
41. Nxc3 fxg4 42. hxg4 Bd7 43. Nxb5 axb5 44. Qb4 Be8 45. Qf4 Bxc6 46. Qf8+ Kh7
47. dxc6 b4 48. Bd5 b3 49. Qg8+ Kg6 50. Qe6+ Kh7 51. Qd7 Qxd7 1-0

[Event "4NCL Division 3 Central"]
[Site "Leamington Spa, ENG"]
[Date "2022.02.12"]
[Round "3.22"]
[White "Smith, Steve"]
[Black "Ashworth, Michael"]
[Result "0-1"]
[WhiteElo "1823"]
[BlackElo "2194"]
[PlyCount "82"]
[EventDate "2022.02.12"]
[WhiteTeam "West is Best 3"]
[BlackTeam "Wood Green Monarchs"]

1. e4 c5 2. c3 g6 3. Nf3 Bg7 4. d4 cxd4 5. cxd4 d5 6. e5 Bg4 7. Nc3 Nc6 8. Bb5
Nh6 9. Bxh6 Bxh6 10. h3 Bxf3 11. Qxf3 O-O 12. Bxc6 bxc6 13. O-O Qb6 14. Rfd1
Qxb2 15. Rab1 Qc2 16. Rb7 Bd2 17. Qe2 Qxc3 18. Qxd2 Qxd2 19. Rxd2 e6 20. Rdb2
a5 21. Rc2 Rfb8 22. Rcb2 Rxb7 23. Rxb7 Rc8 24. Ra7 c5 25. dxc5 Rxc5 26. g3 Kg7
27. Kg2 g5 28. g4 Kg6 29. Ra6 h5 30. Kf1 hxg4 31. hxg4 Rc1+ 32. Kg2 Rc4 33.
Rxa5 Rxg4+ 34. Kf3 Re4 35. Ra8 Rxe5 36. a4 Kf5 37. a5 d4 38. a6 g4+ 39. Kg2 Ra5
40. Kf1 Ke4 41. a7 Kf3 0-1

[Event "4NCL Division 3 Central"]
[Site "Leamington Spa, ENG"]
[Date "2022.02.12"]
[Round "3.23"]
[White "Larkin, Benjamin"]
[Black "Turner, Lewis A"]
[Result "1-0"]
[WhiteElo "1951"]
[BlackElo "1861"]
[PlyCount "77"]
[EventDate "2022.02.12"]
[WhiteTeam "Wood Green Monarchs"]
[BlackTeam "West is Best 3"]

1. Nf3 Nf6 2. g3 g6 3. Bg2 Bg7 4. O-O O-O 5. c4 d6 6. d4 c5 7. Nc3 Nc6 8. d5
Nb4 9. h3 Bd7 10. e4 Rb8 11. Re1 Ne8 12. Qe2 e5 13. a3 Na6 14. Rb1 Nac7 15. b4
b6 16. Nd2 f5 17. f3 f4 18. g4 Bf6 19. Nf1 Bh4 20. Rd1 h5 21. Bd2 cxb4 22. axb4
hxg4 23. hxg4 Rf7 24. Be1 Bxe1 25. Qxe1 a5 26. bxa5 bxa5 27. Rxb8 Qxb8 28. Rb1
Qa8 29. Nb5 Nxb5 30. cxb5 Nc7 31. b6 Nb5 32. Nd2 a4 33. Bf1 Nd4 34. b7 Qb8 35.
Qc1 Rf8 36. Kg2 Kf7 37. Nc4 Nb3 38. Qa3 Ke7 39. Nxe5 1-0

[Event "4NCL Division 3 Central"]
[Site "Leamington Spa, ENG"]
[Date "2022.02.12"]
[Round "3.24"]
[White "Saunders, Aron"]
[Black "Mirza, Diana"]
[Result "1/2-1/2"]
[WhiteElo "1757"]
[BlackElo "1898"]
[PlyCount "96"]
[EventDate "2022.02.12"]
[WhiteTeam "West is Best 3"]
[BlackTeam "Wood Green Monarchs"]

1. e4 d5 2. exd5 Qxd5 3. Nc3 Qd8 4. d4 Nf6 5. Nf3 Bg4 6. Be2 e6 7. Be3 Nbd7 8.
h3 Bxf3 9. Bxf3 c6 10. O-O Be7 11. Re1 O-O 12. g3 Nb6 13. Qe2 Nbd5 14. Nxd5
Nxd5 15. Bd2 Qd7 16. c4 Nb6 17. Bc3 Na4 18. Rad1 Nxc3 19. bxc3 Bf6 20. d5 exd5
21. cxd5 c5 22. Bg4 Qd6 23. Qd2 b5 24. Bf3 a5 25. Qd3 c4 26. Qc2 Rac8 27. Rb1
b4 28. cxb4 axb4 29. Re4 Qxd5 30. Rxb4 Qd3 31. Qe2 Qxe2 32. Rxe2 g6 33. Rc2 c3
34. Bd5 Rcd8 35. Bb3 Rd2 36. Re4 Rfd8 37. Re2 Rd1+ 38. Kg2 Rb1 39. h4 h5 40.
Re3 Rd2 41. Rxd2 cxd2 42. Rd3 Bc3 43. Rd7 Kf8 44. Rd3 Ke7 45. Kf3 Bb4 46. Ke2
Rc1 47. Kf3 Rb1 48. Ke2 Rc1 1/2-1/2

[Event "4NCL Division 3 Central"]
[Site "Leamington Spa, ENG"]
[Date "2022.02.12"]
[Round "3.25"]
[White "Harrison, James"]
[Black "Di-Vetta, Andrew"]
[Result "1-0"]
[WhiteElo "1879"]
[BlackElo "1715"]
[PlyCount "97"]
[EventDate "2022.02.12"]
[WhiteTeam "Wood Green Monarchs"]
[BlackTeam "West is Best 3"]

1. d4 d5 2. c4 c6 3. Nf3 Nf6 4. Nc3 a6 5. e3 g6 6. Bd3 Bg7 7. O-O O-O 8. h3
Nbd7 9. b3 b5 10. Bb2 Bb7 11. Rc1 Qa5 12. Qd2 Qb6 13. cxd5 cxd5 14. Rc2 Ne4 15.
Qe2 Qd6 16. Rfc1 Rac8 17. Nxe4 dxe4 18. Rxc8 Rxc8 19. Rxc8+ Bxc8 20. Bxe4 Nf6
21. Bd3 Nd5 22. a3 Bb7 23. b4 f6 24. Nd2 Nb6 25. Be4 Bd5 26. Qf3 Ba2 27. Bb7
Na4 28. Ba1 a5 29. Qc6 Qd8 30. Qxb5 Qc7 31. Qc6 Qxc6 32. Bxc6 axb4 33. Bxa4
bxa3 34. Bb3+ Bxb3 35. Nxb3 e6 36. Kf1 f5 37. Ke2 Kf7 38. Kd3 Ke8 39. Kc4 Bf8
40. Nc5 Ke7 41. Kb3 Kd6 42. Kxa3 Kd5 43. Kb4 e5 44. Kb5 e4 45. Bc3 Bd6 46. g3
g5 47. Nd7 Ke6 48. Kc6 Ba3 49. d5+ 1-0

[Event "4NCL Division 3 Central"]
[Site "Leamington Spa, ENG"]
[Date "2022.02.12"]
[Round "3.26"]
[White "Hill, Charlie"]
[Black "Willow, Hambel M"]
[Result "1-0"]
[WhiteElo "1658"]
[BlackElo "1622"]
[PlyCount "73"]
[EventDate "2022.02.12"]
[WhiteTeam "West is Best 3"]
[BlackTeam "Wood Green Monarchs"]

1. e4 c6 2. d4 d5 3. e5 Bf5 4. Nf3 e6 5. Be2 Nd7 6. O-O Qc7 7. c4 dxc4 8. Bxc4
Nb6 9. Bb3 Rd8 10. Nc3 h6 11. Be3 Ne7 12. Rc1 a6 13. Bc2 Bxc2 14. Qxc2 Ned5 15.
Rfe1 Bb4 16. Bd2 Qe7 17. Re4 Bxc3 18. bxc3 Nc4 19. Rg4 Nxd2 20. Qxd2 g5 21. Rb1
f5 22. Rg3 Nf4 23. Ne1 Qf7 24. Nd3 Nh5 25. Rh3 b5 26. Nc5 Nf4 27. Rf3 a5 28. a4
Rb8 29. g3 Ng6 30. Ne4 Qg7 31. Nd6+ Kd7 32. axb5 cxb5 33. Qa2 Ne7 34. Qxa5 Nc6
35. Qa6 b4 36. cxb4 Qf8 37. Rc3 1-0

[Event "4NCL Division 3 Central"]
[Site "Leamington Spa, ENG"]
[Date "2022.02.12"]
[Round "3.31"]
[White "Byron, Alan M"]
[Black "Cole, Graham"]
[Result "1-0"]
[WhiteElo "2180"]
[BlackElo "1799"]
[PlyCount "61"]
[EventDate "2022.02.12"]
[WhiteTeam "The Rookies"]
[BlackTeam "Oxford 3"]

1. c4 c5 2. Nc3 Nc6 3. g3 g6 4. Bg2 Bg7 5. Nf3 e6 6. O-O Nge7 7. d4 cxd4 8. Nb5
d6 9. Nfxd4 Nxd4 10. Nxd4 a6 11. Qd3 O-O 12. Rd1 Qc7 13. Bg5 h6 14. Bd2 Rd8 15.
Bb4 d5 16. Rac1 Qd7 17. Ba5 Re8 18. cxd5 exd5 19. Rc7 Qa4 20. Bc3 Be5 21. b3
Qa3 22. Nb5 axb5 23. Bxe5 Nc6 24. Ba1 Qd6 25. Bxd5 Qxc7 26. Qxg6+ Kf8 27. Qxh6+
Kg8 28. Qf6 Kf8 29. Qg7+ Ke7 30. Qxf7+ Kd8 31. Bxc6+ 1-0

[Event "4NCL Division 3 Central"]
[Site "Leamington Spa, ENG"]
[Date "2022.02.12"]
[Round "3.32"]
[White "Waterfield, Mark"]
[Black "Burrows, Martin P"]
[Result "0-1"]
[WhiteElo "1818"]
[BlackElo "2105"]
[PlyCount "128"]
[EventDate "2022.02.12"]
[WhiteTeam "Oxford 3"]
[BlackTeam "The Rookies"]

1. e4 c5 2. Nf3 d6 3. c3 Nf6 4. Bd3 Bg4 5. Bc2 Nc6 6. h3 Bh5 7. d3 e6 8. Nbd2
d5 9. O-O Be7 10. Re1 O-O 11. Qe2 Qc7 12. Nf1 dxe4 13. dxe4 Ne5 14. g4 Nxf3+
15. Qxf3 Bg6 16. Bf4 Qb6 17. Rab1 c4 18. b3 cxb3 19. axb3 Qc6 20. Ng3 Nd7 21.
Ne2 e5 22. Bc1 f5 23. Ng3 fxg4 24. Qxg4 Nf6 25. Qe2 Qxc3 26. Bb2 Qc8 27. Nf5
Bxf5 28. exf5 Bd6 29. Bd3 Kh8 30. Bxe5 Bxe5 31. Qxe5 Qd8 32. Bc4 Qb6 33. Be6
Rad8 34. Rb2 Rd3 35. Re3 Rd1+ 36. Re1 Rxe1+ 37. Qxe1 Qd4 38. Rd2 Qh4 39. Qe3
Qb4 40. Rd4 Qe7 41. Rc4 b6 42. Qc3 Ne8 43. Rc8 h6 44. Qc6 Nd6 45. Rxf8+ Qxf8
46. Qd7 a6 47. Kg2 b5 48. f3 a5 49. Kg3 a4 50. bxa4 bxa4 51. h4 a3 52. Kg4 Ne8
53. Kh3 Nf6 54. Qd3 Qa8 55. Ba2 Kh7 56. Qe3 Qa6 57. Kg2 Qa4 58. Kg3 Nh5+ 59.
Kh3 Qf4 60. Qxf4 Nxf4+ 61. Kg4 Ne2 62. f6 gxf6 63. Kf5 Kg7 64. Bc4 Nc3 0-1

[Event "4NCL Division 3 Central"]
[Site "Leamington Spa, ENG"]
[Date "2022.02.12"]
[Round "3.33"]
[White "Okhai, Shabir"]
[Black "Bush, Ian"]
[Result "1-0"]
[WhiteElo "2128"]
[BlackElo "1885"]
[PlyCount "87"]
[EventDate "2022.02.12"]
[WhiteTeam "The Rookies"]
[BlackTeam "Oxford 3"]

1. e4 d6 2. d4 Nf6 3. Nc3 g6 4. Be3 c6 5. Qd2 b5 6. Bd3 Nbd7 7. Nf3 Bg7 8. e5
Ng4 9. h3 Nxe3 10. Qxe3 Nb6 11. a3 O-O 12. O-O Qc7 13. Rfe1 Nc4 14. Bxc4 bxc4
15. exd6 exd6 16. Qf4 Bf5 17. Nd2 Rac8 18. Nxc4 Bxc2 19. Ne3 Bb3 20. Rac1 Qb6
21. Ne2 c5 22. dxc5 dxc5 23. Nc3 Rcd8 24. Re2 Rd4 25. Qf3 f5 26. Ned5 Bxd5 27.
Nxd5 Qd6 28. Nc3 Be5 29. Nb5 Rd1+ 30. Re1 Rxc1 31. Rxc1 Qd2 32. Rd1 Qxb2 33.
Qd5+ Kh8 34. Qxc5 Rb8 35. Nxa7 Qe2 36. Rc1 Rd8 37. Rf1 Bd4 38. Qc7 Bxf2+ 39.
Kh2 Rg8 40. Rb1 Bd4 41. Nc6 Qe3 42. Nxd4 Qxd4 43. Rb7 Rg7 44. Qxg7+ 1-0

[Event "4NCL Division 3 Central"]
[Site "Leamington Spa, ENG"]
[Date "2022.02.12"]
[Round "3.34"]
[White "Staples, Neil"]
[Black "Jones, Christopher M"]
[Result "0-1"]
[WhiteElo "1823"]
[BlackElo "2136"]
[PlyCount "98"]
[EventDate "2022.02.12"]
[WhiteTeam "Oxford 3"]
[BlackTeam "The Rookies"]

1. Nf3 f5 2. g3 Nf6 3. Bg2 d6 4. O-O e5 5. d3 Be7 6. c4 O-O 7. Nc3 Nc6 8. a3
Qe8 9. b4 Qh5 10. b5 Nb8 11. a4 f4 12. Qb3 Bh3 13. c5+ Kh8 14. Nd5 Bxg2 15.
Nxf6 Bxf6 16. Kxg2 e4 17. dxe4 Bxa1 18. cxd6 cxd6 19. Bxf4 Be5 20. Bxe5 dxe5
21. Qd5 Qf7 22. Rd1 Qxd5 23. Rxd5 a6 24. Nxe5 axb5 25. axb5 Ra2 26. Kf1 Kg8 27.
f3 Rc2 28. Kf2 Rcc8 29. f4 Rfd8 30. Rxd8+ Rxd8 31. Ke3 Nd7 32. Nd3 Ra8 33. e5
Ra5 34. e6 Nf6 35. h3 h5 36. Kf3 Rxb5 37. g4 hxg4+ 38. hxg4 Rb1 39. g5 Nd5 40.
e4 Nc7 41. f5 b5 42. Kf4 b4 43. Ke5 b3 44. Nc5 b2 45. Na4 Ne8 46. f6 gxf6+ 47.
gxf6 Nxf6 48. Nxb2 Rxb2 49. Kxf6 Kf8 0-1

[Event "4NCL Division 3 Central"]
[Site "Leamington Spa, ENG"]
[Date "2022.02.12"]
[Round "3.35"]
[White "Jaszkiwskyj, Peter"]
[Black "Phan, Stefanus K F"]
[Result "1/2-1/2"]
[WhiteElo "1895"]
[BlackElo "1758"]
[PlyCount "77"]
[EventDate "2022.02.12"]
[WhiteTeam "The Rookies"]
[BlackTeam "Oxford 3"]

1. d4 d5 2. Nf3 Nf6 3. c4 e6 4. Bg5 Be7 5. Nc3 O-O 6. e3 h6 7. Bh4 b6 8. cxd5
Nxd5 9. Bg3 Bb7 10. Be2 Nxc3 11. bxc3 c5 12. O-O Nc6 13. Qa4 cxd4 14. cxd4 a6
15. Rfc1 b5 16. Qb3 Qb6 17. Rc3 Rfc8 18. Rac1 Nb4 19. Rxc8+ Rxc8 20. Rxc8+ Bxc8
21. Ne5 Bb7 22. Bf3 Bxf3 23. gxf3 Bd6 24. Nd7 Qc6 25. Bxd6 Qxd6 26. Nc5 a5 27.
a3 e5 28. axb4 exd4 29. Ne4 Qg6+ 30. Ng3 a4 31. Qd5 Qb1+ 32. Kg2 Qxb4 33. exd4
a3 34. Ne2 Qb2 35. Qa8+ Kh7 36. Qe4+ Kg8 37. Qe8+ Kh7 38. Qe4+ Kg8 39. Qe8+
1/2-1/2

[Event "4NCL Division 3 Central"]
[Site "Leamington Spa, ENG"]
[Date "2022.02.12"]
[Round "3.36"]
[White "Davis, Cameron"]
[Black "Gibson, Christopher A"]
[Result "1-0"]
[WhiteElo "1722"]
[BlackElo "1864"]
[PlyCount "111"]
[EventDate "2022.02.12"]
[WhiteTeam "Oxford 3"]
[BlackTeam "The Rookies"]

1. e4 c5 2. Nf3 Nc6 3. Bb5 g6 4. O-O Bg7 5. c3 e5 6. d4 exd4 7. cxd4 Nxd4 8.
Nxd4 Bxd4 9. Nc3 Ne7 10. Bh6 Qb6 11. Qe2 g5 12. Bxg5 Qg6 13. Bxe7 Rg8 14. Qf3
Kxe7 15. Qg3 Qxg3 16. hxg3 a6 17. Bc4 b5 18. Bd5 Rb8 19. Rac1 d6 20. Kh2 Rg5
21. Rc2 Bg4 22. Ne2 Rh5+ 23. Kg1 Bxe2 24. Rxe2 Rg8 25. e5 dxe5 26. Bf3 Rh6 27.
Rd1 Kd6 28. Re4 f5 29. Rh4 Rxh4 30. gxh4 e4 31. Be2 f4 32. Kf1 Rf8 33. f3 e3
34. Bd3 h6 35. b3 Kc7 36. Rc1 Kb6 37. Rc2 Re8 38. Ke2 Re5 39. Kf1 Rh5 40. g3
fxg3 41. Kg2 Rxh4 42. Kxg3 Rh1 43. Kg2 Rd1 44. Be2 Rd2 45. Rxd2 exd2 46. f4 c4
47. Kf3 c3 48. Bd1 Kc5 49. Ke4 h5 50. b4+ Kd6 51. Kxd4 Ke6 52. Kxc3 Kf5 53.
Bxh5 Kxf4 54. Kxd2 Ke4 55. Kc3 Kd5 56. Bf3+ 1-0

[Event "4NCL Division 3 Central"]
[Site "Leamington Spa, ENG"]
[Date "2022.02.12"]
[Round "3.41"]
[White "Brackmann, Hendrik"]
[Black "Mossong, Hubert"]
[Result "1/2-1/2"]
[WhiteElo "2077"]
[BlackElo "2028"]
[PlyCount "111"]
[EventDate "2022.02.12"]
[WhiteTeam "Oxford 2"]
[BlackTeam "Ashfield 1"]

1. e4 d6 2. d4 Nf6 3. Nc3 c6 4. f4 Qa5 5. e5 Ne4 6. Qf3 d5 7. Bd3 g6 8. Bxe4
dxe4 9. Qxe4 Bf5 10. Qe2 Na6 11. Be3 Nb4 12. Rc1 Nxa2 13. Ra1 Nxc3 14. Rxa5
Nxe2 15. Nxe2 Bxc2 16. d5 cxd5 17. Rxa7 Rxa7 18. Bxa7 e6 19. Kf2 Kd7 20. Rc1
Ba4 21. Bb6 Bc6 22. Nd4 Be7 23. Ra1 Rc8 24. Ra7 Ke8 25. Ke3 h5 26. g3 Kd7 27.
h3 g5 28. f5 exf5 29. Nxf5 Bf8 30. Kd4 g4 31. hxg4 hxg4 32. Bc5 Ke6 33. Bxf8
Rxf8 34. Nh6 Rh8 35. Nxg4 Rg8 36. Nf2 Rxg3 37. Nd3 Rg4+ 38. Kc3 d4+ 39. Kc4
Bd5+ 40. Kc5 Bf3 41. Ra3 Be2 42. Nc1 Ba6 43. b4 Re4 44. Rf3 Re3 45. Nb3 Kxe5
46. Nxd4 Rxf3 47. Nxf3+ Kf4 48. Ne1 Bf1 49. Kb6 Ke3 50. Kxb7 f5 51. Kc6 f4 52.
b5 Ke2 53. Nc2 Bg2+ 54. Kc5 Be4 55. Nd4+ Kd2 56. Nc6 1/2-1/2

[Event "4NCL Division 3 Central"]
[Site "Leamington Spa, ENG"]
[Date "2022.02.12"]
[Round "3.42"]
[White "Mercs, Peter J"]
[Black "Wilson, Edgar"]
[Result "0-1"]
[WhiteElo "1989"]
[BlackElo "1990"]
[PlyCount "71"]
[EventDate "2022.02.12"]
[WhiteTeam "Ashfield 1"]
[BlackTeam "Oxford 2"]

1. e4 e6 2. d4 d5 3. exd5 exd5 4. Nf3 Bd6 5. c4 Nf6 6. c5 Be7 7. Nc3 b6 8. Be3
bxc5 9. dxc5 O-O 10. Qc2 Re8 11. O-O-O Be6 12. Ng5 c6 13. Bd3 h6 14. Nxe6 fxe6
15. Bg6 Rf8 16. Bd4 Nbd7 17. Rhe1 e5 18. Bxe5 Bxc5 19. f3 Nxe5 20. Rxe5 Bd6 21.
Re6 Bxh2 22. Rxc6 Be5 23. Qf5 Bxc3 24. Rxc3 Qa5 25. a3 Rab8 26. Qc2 Qa6 27. Bf5
Rfe8 28. Bd3 Qe6 29. Kb1 Kh8 30. Rc1 d4 31. Rc6 Qd5 32. Rc7 a5 33. Bc4 Qd6 34.
Bd3 Qxa3 35. Rc4 Nd5 36. Rxd4 0-1

[Event "4NCL Division 3 Central"]
[Site "Leamington Spa, ENG"]
[Date "2022.02.12"]
[Round "3.43"]
[White "Arora, Tashika"]
[Black "Truman, Richard G"]
[Result "0-1"]
[WhiteElo "1986"]
[BlackElo "1897"]
[PlyCount "118"]
[EventDate "2022.02.12"]
[WhiteTeam "Oxford 2"]
[BlackTeam "Ashfield 1"]

1. d4 Nf6 2. c4 g6 3. g3 Bg7 4. Bg2 d5 5. Nc3 dxc4 6. Nf3 O-O 7. O-O c5 8. d5
Nbd7 9. Nd2 Nb6 10. e4 e6 11. Ndb1 exd5 12. exd5 Bg4 13. f3 Bf5 14. Ne4 Nbxd5
15. Qe2 Re8 16. Qxc4 Nxe4 17. fxe4 Bd4+ 18. Kh1 Rxe4 19. Nc3 Bxc3 20. Bxe4 Nb6
21. Qe2 Qe7 22. Bf3 Qxe2 23. Bxe2 Bd4 24. Bf3 Nc4 25. g4 Be6 26. Rb1 Ne5 27.
Bxb7 Rb8 28. Bg2 Nxg4 29. Bf4 Re8 30. h3 Nf2+ 31. Kh2 Nd3 32. Bd6 Bxb2 33. Kh1
Bd4 34. Bc6 Rc8 35. Bg2 c4 36. Ba3 Nf2+ 37. Kh2 Be5+ 38. Kg1 Nxh3+ 39. Kh1 Nf4
40. Bb7 Rc7 41. Ba8 Rd7 42. Rb5 f6 43. Bc1 g5 44. Be4 Rd4 45. Re1 Nd3 46. Bxd3
cxd3 47. Bd2 Bd5+ 48. Kg1 Rg4+ 49. Kf1 Bd4 50. Rb8+ Kf7 51. Be3 d2 52. Bxd2
Bc4+ 53. Re2 Re4 54. Rb7+ Kg6 55. Rc7 Bxe2+ 56. Ke1 Bf3+ 57. Kf1 Re2 58. Be1
Rxa2 59. Re7 Bg2# 0-1

[Event "4NCL Division 3 Central"]
[Site "Leamington Spa, ENG"]
[Date "2022.02.12"]
[Round "3.44"]
[White "Stevens, Andrew"]
[Black "Foster, Timothy"]
[Result "1/2-1/2"]
[WhiteElo "1950"]
[BlackElo "1872"]
[PlyCount "53"]
[EventDate "2022.02.12"]
[WhiteTeam "Ashfield 1"]
[BlackTeam "Oxford 2"]

1. d4 Nf6 2. Nf3 g6 3. g3 Bg7 4. Bg2 O-O 5. O-O d6 6. a4 c5 7. dxc5 dxc5 8.
Qxd8 Rxd8 9. a5 Na6 10. Na3 Be6 11. Nd2 Bd5 12. e4 Bc6 13. c3 Rd3 14. Re1 Rad8
15. Nac4 Ng4 16. Bf1 R3d7 17. h3 Ne5 18. Nxe5 Bxe5 19. Nf3 Bg7 20. Bf4 Nc7 21.
Ne5 Bxe5 22. Bxe5 f6 23. Bc4+ Kg7 24. Bf4 e5 25. Bc1 g5 26. Bb3 Bb5 27. Be3
1/2-1/2

[Event "4NCL Division 3 Central"]
[Site "Leamington Spa, ENG"]
[Date "2022.02.12"]
[Round "3.45"]
[White "Matta, Francesca"]
[Black "Combie, Alex B"]
[Result "1/2-1/2"]
[WhiteElo "1938"]
[BlackElo "1882"]
[PlyCount "91"]
[EventDate "2022.02.12"]
[WhiteTeam "Oxford 2"]
[BlackTeam "Ashfield 1"]

1. d4 Nf6 2. c4 g6 3. Nc3 Bg7 4. e4 d6 5. Nf3 O-O 6. Be2 e5 7. d5 a5 8. Bg5 h6
9. Bh4 Na6 10. O-O Qe8 11. Nd2 Nh7 12. a3 Bd7 13. b4 axb4 14. axb4 Nxb4 15. Qb3
Rxa1 16. Rxa1 c5 17. dxc6 Nxc6 18. Qxb7 Nd4 19. Bd3 g5 20. Bg3 f5 21. exf5 Nxf5
22. Ra7 Nxg3 23. Bxh7+ Kxh7 24. Qxd7 Qxd7 25. Rxd7 Nf5 26. Nce4 Ra8 27. Nxd6
Ra1+ 28. Nf1 Rd1 29. c5 Nxd6 30. Rxd6 Rxd6 31. cxd6 Kg6 32. Nd2 Kf7 33. f3 Ke6
34. Ne4 Bf8 35. Kf2 Bxd6 36. Nxd6 Kxd6 37. g4 Kd5 38. Ke3 Kd6 39. Ke4 Ke6 40.
h3 Kd6 41. Ke3 Ke7 42. Ke4 Ke6 43. Ke3 Ke7 44. Ke4 Ke6 45. Ke3 Ke7 46. Ke4
1/2-1/2